Biocombustibles (Registro nro. 10795)

000 -CABECERA
Campo de control de longitud fija 01788nam a22002897a 4500
003 - IDENTIFICADOR DEL NÚMERO DE CONTROL
Campo de control OSt
005 - FECHA Y HORA DE LA ÚLTIMA TRANSACCIÓN
Campo de control 20260327105037.0
008 - CÓDIGOS DE INFORMACIÓN DE LONGITUD FIJA
Campo de control de longitud fija 260327t2016 xxu||||| |||| 00| 0 spa d
020 ## - NÚMERO INTERNACIONAL NORMALIZADO PARA LIBROS (ISBN)
Número Internacional Normalizado para Libros (ISBN) 9786071637154
040 ## - FUENTE DE LA CATALOGACIÓN
Centro catalogador de origen Unicoc
Lengua de catalogación spa
Centro que cataloga Bogotá (Dr. David Ordóñez Rueda) - Campus Norte
Centro modificador Bogotá (Dr. David Ordóñez Rueda) - Campus Norte
082 ## - NÚMERO DE LA CLASIFICACIÓN DECIMAL DEWEY
Número de clasificación 333.9539
100 ## - PUNTO DE ACCESO PRINCIPAL - NOMBRE DE PERSONA
9 (RLIN) 12825
Nombre de persona Pérez Pariente, Joaquín
245 ## - MENCIÓN DE TÍTULO
Título Biocombustibles
Subtitulo o Resto del título : Sus implicaciones energéticas, ambientales y sociales
Mención de responsabilidad etc. / Pérez Pariente, Joaquín
250 ## - MENCIÓN DE EDICIÓN
Mención de edición 1 ed.
260 ## - PUBLICATION, DISTRIBUTION, ETC. (IMPRINT)
Lugar de publicación distribución etc. Mexico :
Nombre del editor distribuidor etc. Fondo de cultura económica ,
Fecha de publicación distribución etc. 2016
300 ## - DESCRIPCIÓN FÍSICA
Extensión 247 páginas :
Otras características físicas ilustraciones, gráficas, fotografías ;
Dimensiones 24 cm.
505 ## - NOTA DE CONTENIDO CON FORMATO
Título Capítulo 1. Biocombustibles. --
-- Capítulo 2. Combustibles - Aspectos sociales. --
-- Capítulo 3. Combustibles - Aspectos ambientales. --
-- Capítulo 4. Recursos energéticos renovables. --
-- Capítulo 5. Ecología. --
-- Capítulo 6. Divulgación científica.
520 ## - NOTA DE SUMARIO; ETC.
Sumario etc. Hoy en día, el uso de los biocombustibles es tema de debate entre los científicos del mundo, toda vez que no hay un consenso sobre sus implicaciones ambientales y sociales. En esta obra, el autor ofrece un panorama pormenorizado sobre la cuestión, en un intento por precisar cuál es la realidad de los biocombustibles, respecto a su viabilidad como alternativa energética aceptable desde el punto de vista de su sostenibilidad. Confrontando versiones favorables y adversas, el autor brinda los elementos necesarios para profundizar en un tema de la más apremiante actualidad.
526 ## - NOTA DE INFORMACIÓN SOBRE EL PROGRAMA DE ESTUDIO
Institución que aplica el campo Unicoc
546 ## - NOTA DE LENGUA
Nota de lengua Español
650 #0 - PUNTO DE ACCESO ADICIONAL DE MATERIA - TÉRMINO DE MATERIA
9 (RLIN) 12826
Término de materia o nombre geográfico como elemento inicial Biocombustibles
650 #0 - PUNTO DE ACCESO ADICIONAL DE MATERIA - TÉRMINO DE MATERIA
9 (RLIN) 7618
Término de materia o nombre geográfico como elemento inicial Energía alternativa
650 #0 - PUNTO DE ACCESO ADICIONAL DE MATERIA - TÉRMINO DE MATERIA
9 (RLIN) 5276
Término de materia o nombre geográfico como elemento inicial Recursos energéticos
650 #0 - PUNTO DE ACCESO ADICIONAL DE MATERIA - TÉRMINO DE MATERIA
9 (RLIN) 10889
Término de materia o nombre geográfico como elemento inicial Economía de los recursos energéticos
658 #0 - TÉRMINO DE INDIZACIÓN - OBJETIVO CURRICULAR
9 (RLIN) 8260
Programa Académico Programa de Ingeniería Industrial
942 ## - ENTRADA PARA ELEMENTOS AGREGADOS (KOHA)
Fuente de clasificación o esquema de ordenación en estanterías
Koha [por defecto] tipo de item Libro
Existencias
Precio Número de ejemplar Fuente de clasificación o esquema de ordenación en estanterías Fecha última consulta Signatura completa Fuente de adquisición Estropeado Código de barras Fecha de adquisición Localización permanente Préstamos totales Tipo de item de Koha Fecha último préstamo Estado de pérdida Localización actual No para préstamo Fecha del precio de reemplazo Código de colección Localización en estanterías
60000.00Ej. 1 2026-04-10333.9539 P438 2016Compra 222362026-03-27Bogotá (Dr. David Ordóñez Rueda) - Campus Norte1Libro2026-03-27 Bogotá (Dr. David Ordóñez Rueda) - Campus Norte 2026-03-27Colección GeneralSegundo piso

© 2014 UNICOC | Institución Universitaria Colegios de Colombia - UNICOC
Bogotá D.C. Autopista Norte Km. 20. Teléfono:(571)6683535
Cali: Calle 13 Norte No. 3N-13. Teléfono: (572)6608887

Con tecnología de Koha